BIBLIOTHÈQUE DE LA MAISON DU MEXIQUE

Logo 1 Logo 2

Varia invención (notice nᵒ 9454)

détails MARC
000 -Sello discográfico
campo de control de longitud fija 01012nam a2200373 4500
005 - Identificación de versión
campo de control 20251017062757.0
035 ## - Otros números de control del sistema
Número de control del sistema 11954
099 ## - fechas locales
Tipo de ítem Koha LIBRO
100 ## - Datos de procesamiento general
Datos de procesamiento general 20030731d1975 m y1spay5003 ba
105 ## - Campo de datos codificados: Material textual, monográfico
Datos codificados de monografía y 001ay
200 1# - Título y mención de responsabilidad
Título propio Varia invención
Designación general del material texto impreso
Primer mención de responsabilidad Juan José Arreola
205 ## - Declaración de edición
Declaración de edición 2a ed
210 ## - Publicación, distribución, etc.
Lugar de publicación, distribución, etc. México
Nombre del editor, distribuidor, etc. Editorial Joaquín Mortiz
Fecha de publicación, distribución, etc. 1975
215 ## - Descripción física
Designación de material específico y extensión del ítem 142 p
Dimensiones 18 cm
300 ## - Notas generales
Texto de la nota Ejemplar autografiado por el autor
318 ## - Nota de acción
Acción No se presta a domicilio
345 ## - Nota de información de adquisición
Fuente de adquisición/dirección de la suscripción [OBSOLETO] Donación
410 #1 - Series
Título Obras de Juan José Arreola
Número de volumen 3
606 ## - Término temático usado como materia
Elemento de entrada Cuentos mexicanos
Subdivisión cronológica Siglo XX
Número Koha 81
660 ## - Código de área geográfica
Código MX
700 ## - Nombre personal - Responsabilidad primaria
Elemento de entrada Arreola Zúñiga
Parte del nombre distinta del elemento de entrada Juan José
Fechas 1918-2001
Número Koha 5301
801 #0 - Fuente de origen
Agencia cm
900 ## -
-- 1/4046
900 ## -
-- 7100315793\310703
942 ## - ELEMENTOS DE ENTRADA SECUNDARIOS (KOHA)
Tipo de ítem Koha Livre
996 ## -
-- MEX
-- 751145101
-- MMAG
-- 008608
-- R863.4 A774V
-- 20230926LIV
Exemplaires
Estatus retirado Estado de daño Estado de pérdida Fecha de adquisición Biblioteca de origen Biblioteca actual Ubicación en estantería Código de barras Precio de reemplazo Signatura topográfica completa No para préstamo Tipo de ítem Koha Nota pública Nota no pública
      05/08/2025 Casa México Paris Casa México Paris   008608 05/08/2025 R863.4 A774V No se presta a domicilio Livre 20230926LIV 751145101